[Event "44th BAN-ch OMICON 2018"]
[Site "Dhaka"]
[Date "2018.11.25"]
[Round "2"]
[White "Zia, Tahsin Tajwar"]
[Black "Rahman, Syed Mahfuzur"]
[Result "1-0"]
[WhiteElo "1803"]
[BlackElo "2224"]
[Annotator "NA"]
[PlyCount "129"]
[EventDate "2018.11.24"]
[EventType "swiss"]
[EventCountry "BAN"]
[SourceTitle "playchess.com"]
[Source "ChessBase"]
[SourceQuality "1"]
[TimeControl "40/5400+30:1800+30"]

1. Nf3 {[%emt 0:00:00]} d5 {[%emt 0:05:56]} 2. d4 {[%emt 0:00:07]} Nf6 {[%emt 0:01:59]} 3. Bf4 {[%emt 0:00:09]} e6 {[%emt 0:00:17]} 4. e3 {[%emt 0:00:07]} Bd6 {[%emt 0:00:13]} 5. Bg3 {[%emt 0:00:07]} c5 {[%emt 0:00:25]} 6. Nbd2 $11 {[%emt 0:00:11] LiveBook: 32 Games} Nc6 {[%emt 0:01:35]} 7. c3 {[%emt 0:00:07]} O-O {[%emt 0:05:46]} 8. Bd3 {[%emt 0:00:09]} b6 {[%emt 0:01:40]} 9. Qe2 {[%emt 0:00:59]} Bb7 {[%emt 0:06:08]} 10. Rd1 {[%emt 0:00:12]} cxd4 {[%emt 0:14:25]} 11. exd4 {[%emt 0:00:29]} Ne7 {[%emt 0:01:44]} 12. Bxd6 {[%emt 0:02:02]} Qxd6 {[%emt 0:00:09]} 13. Ne5 {[%emt 0:00:18]} Ne8 {[%emt 0:10:57]} 14. O-O {[%emt 0:06:02]} f6 {[%emt 0:02:18]} 15. f4 {[%emt 0:05:56]} Nc7 {[%emt 0:13:21]} 16. Qh5 {[%emt 0:04:13]} f5 {[%emt 0:08:15]} 17. Rf3 {[%emt 0:03:28]} Ne8 {[%emt 0:00:29]} 18. Rg3 {[%emt 0:02:24]} Rc8 {[%emt 0:03:47]} 19. Qg5 {[%emt 0:03:54]} Rc7 {[%emt 0:02:53]} 20. Rf1 {[%emt 0:27:26]} Nc8 {[%emt 0:00:35]} 21. Rh3 {[%emt 0:01:27]} Qe7 {[%emt 0:00:46]} 22. Qh5 {[%emt 0:04:45]} Nf6 {[%emt 0:01:54]} 23. Qh4 {[%emt 0:00:51]} Nd6 {[%emt 0:00:20]} 24. g4 {[%emt 0:00:46]} g6 {[%emt 0:06:12]} 25. g5 {[%emt 0:01:40]} Nh5 {[%emt 0:01:52]} 26. Be2 {[%emt 0:00:55]} Qe8 {[%emt 0:03:17]} 27. Bxh5 {[%emt 0:05:16]} gxh5 {[%emt 0:00:03]} 28. Rf2 {[%emt 0:02:57]} b5 {[%emt 0:04:13]} 29. Rg2 {[%emt 0:01:47]} Rg7 {[%emt 0:01:05]} 30. a3 {[%emt 0:01:40]} Ne4 {[%emt 0:00:40]} 31. Qxh5 {[%emt 0:02:04]} Qxh5 {[%emt 0:00:30]} 32. Rxh5 {[%emt 0:00:03]} a5 {[%emt 0:00:59]} 33. Rh6 {[%emt 0:01:14]} Re8 {[%emt 0:00:14]} 34. Nb3 {[%emt 0:01:09]} a4 {[%emt 0:01:02]} 35. Nc1 {[%emt 0:01:11]} Kf8 {[%emt 0:00:36]} 36. Ncd3 {[%emt 0:00:39]} Ke7 {[%emt 0:00:23]} 37. h4 {[%emt 0:01:14]} Reg8 {[%emt 0:00:52]} 38. h5 {[%emt 0:00:37]} Bc8 {[%emt 0:00:33]} 39. Nc5 {[%emt 0:02:13]} Kd6 {[%emt 0:00:33]} 40. Nxe4+ {[%emt 0:00:00]} dxe4 {[%emt 0:00:00]} 41. g6 {[%emt 0:01:52]} e3 {[%emt 0:11:34]} 42. Rg3 {[%emt 0:03:05]} Kd5 {[%emt 0:11:08]} 43. Rxe3 {[%emt 0:00:33]} hxg6 {[%emt 0:00:10]} 44. hxg6 {[%emt 0:00:24]} Bd7 {[%emt 0:00:46]} 45. Nxd7 {[%emt 0:03:36]} Rxd7 {[%emt 0:00:12]} 46. Re5+ {[%emt 0:00:32]} Kd6 {[%emt 0:00:50]} 47. Rxb5 {[%emt 0:00:23]} Rdg7 {[%emt 0:00:07]} 48. Rb4 {[%emt 0:01:45]} Rxg6+ {[%emt 0:03:41]} 49. Rxg6 {[%emt 0:00:01]} Rxg6+ {[%emt 0:00:03]} 50. Kf2 {[%emt 0:00:10]} Kd5 {[%emt 0:01:33]} 51. Kf3 {[%emt 0:00:23]} Rg1 {[%emt 0:00:09]} 52. Rxa4 {[%emt 0:00:13]} Rf1+ {[%emt 0:00:03]} 53. Ke3 {[%emt 0:00:23]} Re1+ {[%emt 0:00:06]} 54. Kf2 {[%emt 0:00:07]} Rb1 {[%emt 0:01:40]} 55. Rb4 {[%emt 0:00:33]} Ke4 {[%emt 0:00:15]} 56. a4 {[%emt 0:00:32]} Rc1 {[%emt 0:02:07]} 57. a5 {[%emt 0:00:34]} Ra1 {[%emt 0:00:25]} 58. d5+ {[%emt 0:02:27]} Kxd5 {[%emt 0:00:13]} 59. Rd4+ {[%emt 0:00:11]} Kc6 {[%emt 0:00:15]} 60. b4 {[%emt 0:00:12]} Ra3 {[%emt 0:01:11]} 61. Rc4+ {[%emt 0:01:00]} Kd5 {[%emt 0:00:05]} 62. Rd4+ {[%emt 0:00:10]} Kc6 {[%emt 0:00:02]} 63. Rd3 {[%emt 0:00:30]} Ra2+ {[%emt 0:01:23]} 64. Ke3 {[%emt 0:00:28]} Kb5 {[%emt 0:00:13]} 65. Rd2 {[%emt 0:01:59]} 1-0

[Event "44th BAN-ch OMICON 2018"]
[Site "Dhaka"]
[Date "2018.11.26"]
[Round "3"]
[White "Rahman, Ziaur"]
[Black "Jamal Uddin"]
[Result "1-0"]
[WhiteElo "2468"]
[BlackElo "1950"]
[Annotator "TA"]
[PlyCount "117"]
[EventDate "2018.11.24"]
[EventType "swiss"]
[EventCountry "BAN"]
[SourceTitle "playchess.com"]
[Source "ChessBase"]
[SourceQuality "1"]

{[%evp 31,117,44,47,19,29,20,24,24,49,0,18,0,4,7,24,20,25,11,35,38,33,24,31,31,57,60,47,21,29,27,50,25,96,96,113,138,176,176,293,270,420,428,396,359,512,505,575,440,507,410,385,402,474,424,5218,4517,5202,3772,2402,2247,5401,5401,29975,29977,29980,29981,29981,29980,29981,29982,29982,29983,29983,29984,29984,29985,29985,29986,29986,29987,29987,29988,29988,29989,29989,29990,29993,406]} 1. Nf3 Nf6 2. c4 e6 3. g3 b6 4. Bg2 Bb7 5. O-O c5 6. Nc3 Be7 7. d4 cxd4 8. Qxd4 d6 9. Rd1 a6 10. b3 Nbd7 11. e4 O-O 12. Ba3 Nc5 13. e5 dxe5 14. Qxd8 Rfxd8 15. Nxe5 Bxg2 {A30: Symmetrical English: Double Fianchetto and Hedgehog} 16. Kxg2 Bf8 {LiveBook: 36 Games} 17. Bb2 Rac8 {The position is equal.} 18. f4 $146 ({Predecessor:} 18. Kf3 g6 19. Ke2 h5 20. f3 Bg7 21. Rxd8+ Rxd8 22. Rd1 Rxd1 23. Nxd1 {1-0 (54) Llanes Hurtado,M (2486)-Malfagia,A (2286) Pianoro 2011}) 18... Bd6 19. Kf3 Ne8 20. Ke3 f6 21. Nf3 Kf7 22. Rd2 Bc7 23. Rad1 Rxd2 24. Rxd2 (24. Nxd2 {looks sharper.} Rd8 25. Nde4 Rxd1 26. Nxd1 Nd7 27. Kf3) 24... Rd8 (24... Bd6 {is more complex.} 25. Rd1 Be7 26. Nd4 Nd6 27. Kf3 f5) 25. Rxd8 Bxd8 26. Nd4 Bc7 27. Ba3 g6 28. Bxc5 bxc5 $14 {[%mdl 4096] Endgame KBN-KNN} 29. Nc2 Nd6 30. Na4 Nb7 31. b4 Bd6 (31... Ke7 $1 $11 {remains equal.}) 32. b5 $16 axb5 33. cxb5 Ke7 34. Nb6 Na5 {[#]} (34... e5 $142 35. fxe5 Bxe5) 35. Kd3 $1 $18 e5 {[#]} (35... Bc7 $142) 36. fxe5 $1 Bxe5 37. Nc4 Bc7 (37... Nxc4 {was necessary.} 38. Kxc4 Kd6) 38. N2e3 Nxc4 39. Kxc4 {KB-KN} Kd6 40. g4 Ba5 41. Kd3 {Hoping for Nc4+.} Bd8 42. a4 {[%cal Ba2a4,Ba4a5,Ba5a6][%mdl 32]} h5 (42... Kd7 $142 43. h3 h5 44. gxh5 gxh5) 43. gxh5 gxh5 44. Nc4+ Kd7 45. a5 Bc7 46. a6 Kc8 47. h3 {White mates.} Kb8 48. Ke4 Ka7 49. Kf5 h4 50. Kxf6 Bg3 51. Ke6 Bf2 52. Kd5 Bg1 53. Kc6 Bf2 54. Nd6 c4 55. Nxc4 Bg3 56. Nb6 Bf2 57. Nc8+ Kb8 58. b6 {[%cal Bb5b6,Bb6b7][%mdl 32]} Ka8 59. b7+ {Accuracy: White = 88%, Black = 38%.} 1-0

[Event "44th BAN-ch OMICON 2018"]
[Site "Dhaka"]
[Date "2018.11.26"]
[Round "3"]
[White "Mohammad Fahad, Rahman"]
[Black "Nayem, Haque"]
[Result "1/2-1/2"]
[WhiteElo "2381"]
[BlackElo "2074"]
[Annotator "TA"]
[PlyCount "115"]
[EventDate "2018.11.24"]
[EventType "swiss"]
[EventCountry "BAN"]
[SourceTitle "playchess.com"]
[Source "ChessBase"]
[SourceQuality "1"]

{[%evp 14,115,16,0,39,28,12,-32,27,27,27,27,27,27,27,37,22,22,13,22,27,32,28,6,11,8,4,-5,-11,-8,-10,-25,12,11,17,8,8,12,9,8,13,14,34,-10,-16,-10,0,0,0,0,0,0,0,0,37,19,14,17,16,0,0,0,0,0,0,0,69,76,55,69,171,174,164,65,130,94,105,101,104,0,47,47,53,4,35,0,8,0,0,0,0,-6,0,0,0,0,0,0,0,0,12,12,12,12]} 1. e4 e6 2. d4 d5 3. Nc3 Nf6 4. Bg5 Bb4 5. Nge2 dxe4 6. a3 Be7 7. Bxf6 gxf6 8. Nxe4 {LiveBook: 60 Games} Bd7 {C12: French: Classical System: McCutcheon Variation} (8... f5 9. N4c3 Nd7 10. g3 Nf6 11. Bg2 Qd6 12. Qd3 Bd7 13. O-O h5 14. Nb5 Qb6 15. c4 c6 16. Nbc3 {½-½ (59) Jovanovic,Z (2533)-Martinovic,S (2551) Valpovo 2017}) 9. N2g3 Bc6 10. Qd3 $146 ({Predecessor:} 10. c3 Nd7 11. Nd2 Nf8 12. Qb3 Qd7 13. Nc4 a5 14. Ne3 Ng6 15. a4 f5 16. Nc4 {½-½ (46) Van Rosmalen,J (2115)-Sminia,J (2103) Dieren 2004}) 10... f5 ({Better is} 10... Nd7 $15) 11. Nc3 $11 Nd7 {[%cal Bb8d7,Bd7e5,Be5g4][%mdl 32]} 12. d5 Bxd5 $1 13. Nxd5 {[#] aiming for Qc3.} Ne5 $1 {[%cal Re5d3]} 14. Qd4 ({Much worse is} 14. Qb5+ c6 $17) 14... Qxd5 15. Qxd5 exd5 16. Nxf5 Bf6 17. O-O-O O-O-O 18. f4 Ng4 {Strongly threatening ...Nf2.} 19. Rd2 {And now h3 would win.} h5 20. Bd3 c6 21. Re2 Kc7 22. c3 {[%cal Bc2c3,Bc3c4][%mdl 32]} c5 23. c4 d4 24. h3 Ne3 $1 25. Nxe3 dxe3 26. Rxe3 Rd4 27. Rf1 h4 28. Kd2 Rg8 29. Rf2 Rd7 {Threatens to win with ...Bd4.} 30. Rfe2 Bxb2 31. Kc2 Bf6 32. Be4 Bd4 33. Rb3 Kb8 34. Bd5 b6 35. a4 Kc7 36. f5 Rg5 37. Rf3 Bf6 38. Rf4 Rg3 39. Bf3 Rd4 (39... Rd8 $11) 40. Rxd4 $14 cxd4 {[%mdl 4096] Endgame KRB-KRB} 41. Re8 $1 Rg7 (41... Rg5 $14) 42. Ra8 $18 a5 {[#]} 43. Kd3 ({White should play} 43. c5 $1 $18 {[%mdl 512]} bxc5 44. Rxa5) 43... Rh7 (43... Rg5 $1 $14) 44. Ra7+ Kd6 45. Rb7 Bd8 46. Rb8 (46. Kxd4 $16 Bc7 47. Ra7) 46... Rh8 (46... Kc7 $5 {[%cal Rc7b8]} 47. Ra8 Rh8 48. Ra7+ Kd6 $16) 47. Bd5 Ke5 48. f6 Kxf6 49. Kxd4 Re8 {The position is equal.} 50. Bc6 Re6 {...Bc7 is the strong threat.} 51. Bf3 Be7 52. Rh8 Kg7 53. Rh5 Bf6+ 54. Kd5 Be7 55. Rf5 Rf6 56. Re5 Re6 57. Rxe6 fxe6+ 58. Kxe6 {Accuracy: White = 43%, Black = 51%.} 1/2-1/2

[Event "44th BAN-ch OMICON 2018"]
[Site "Dhaka"]
[Date "2018.11.26"]
[Round "3"]
[White "Chatterjee, Debaraj"]
[Black "Zia, Tahsin Tajwar"]
[Result "1/2-1/2"]
[WhiteElo "2277"]
[BlackElo "1803"]
[Annotator "NA"]
[PlyCount "59"]
[EventDate "2018.11.24"]
[EventType "swiss"]
[EventCountry "BAN"]
[SourceTitle "playchess.com"]
[Source "ChessBase"]
[SourceQuality "1"]
[TimeControl "40/5400+30:1800+30"]

1. d4 {[%emt 0:01:00]} d5 {[%emt 0:00:00]} 2. c4 {[%emt 0:00:28]} e6 {[%emt 0:00:01]} 3. Nf3 {[%emt 0:00:21]} Nf6 {[%emt 0:00:11]} 4. g3 {[%emt 0:00:35]} Bb4+ {[%emt 0:00:08]} 5. Bd2 {[%emt 0:01:45]} Be7 {[%emt 0:00:25]} 6. Bg2 {[%emt 0:00:18]} O-O {[%emt 0:00:13]} 7. O-O {[%emt 0:00:03]} Nbd7 {[%emt 0:00:22]} 8. Qc2 {[%emt 0:06:10] E11: Bogo-Indian} (8. Nc3 c6 9. Bf4 dxc4 10. e4 Re8 11. a4 b6 12. d5 exd5 13. exd5 Bb7 14. a5 bxa5 15. d6 Bf8 16. Nd2 Nd5 17. Nxd5 cxd5 18. Nxc4 dxc4 19. Bxb7 {½-½ (42) Nakamura,H (2777)-Karjakin,S (2773) Saint Louis 2018}) 8... Ne4 {[%emt 0:00:42]} 9. Nc3 {[%emt 0:03:31]} Nxd2 {[%emt 0:02:10]} 10. Nxd2 {[%emt 0:00:16]} dxc4 {[%emt 0:02:21]} 11. Nxc4 {[%emt 0:00:34]} Nb6 {[%emt 0:12:19]} 12. Na5 {[%emt 0:05:48]} c6 $146 {[%emt 0:04:36]} ({Predecessor:} 12... Qxd4 13. Nxb7 Bxb7 14. Bxb7 Rab8 15. Be4 Nc4 16. Rfd1 Qe5 17. Rab1 Bf6 18. Rd7 g6 19. Na4 Rb4 20. Bd3 Nxb2 {½-½ (20) Mandiza,F (2390)-Panchanathan,M (2480) Charlotte 2018}) 13. Rfd1 {[%emt 0:01:03]} Nd5 {[%emt 0:05:03]} 14. Nc4 {[%emt 0:04:07]} a5 {[%emt 0:02:37]} 15. e4 {[%emt 0:05:03]} Nb4 {[%emt 0:01:50]} 16. Qe2 {[%emt 0:01:36]} b5 {[%emt 0:02:14]} 17. Ne3 {[%emt 0:04:35]} Qb6 {[%emt 0:04:26]} 18. d5 {[%emt 0:16:49]} Bd7 {[%emt 0:07:15]} 19. d6 {[%emt 0:04:13]} Bf6 {[%emt 0:01:33]} 20. Ng4 {[%emt 0:01:48]} Bd4 {[%emt 0:02:38]} 21. a3 {[%emt 0:17:47]} Na6 $2 {[%emt 0:02:51]} (21... e5 $1 $11 22. axb4 axb4 23. Rxa8 Rxa8) 22. e5 {[%emt 0:00:27]} f5 {[%emt 0:04:09]} 23. exf6 $1 {[%emt 0:01:28]} gxf6 {[%emt 0:00:52] [#]} 24. Kh1 {[%emt 0:07:38]} (24. Nxb5 $1 $18 {[%mdl 512] and White stays clearly on top.} Qxb5 25. Qxb5 cxb5 26. Bxa8 (26. Rxd4 e5 $16)) 24... f5 {[%emt 0:03:07] [#]} 25. Qd2 $2 {[%emt 0:07:15] [#]} (25. Rxd4 $1 $18 {[%mdl 512]} Qxd4 {[%mdl 64] Double Attack} 26. Ne5 {[%mdl 64] Double Attack}) 25... Bg7 $1 {[%emt 0:02:44]} 26. Ne3 {[%emt 0:01:08]} Nc5 {[%emt 0:01:20]} 27. Qc2 {[%emt 0:01:08] [#]} a4 $1 {[%emt 0:01:00]} 28. Ne2 {[%emt 0:01:11]} Nb3 {[%emt 0:01:13]} 29. Rab1 {[%emt 0:00:06]} Rae8 {[%emt 0:01:43]} 30. Nf4 $19 {[%emt 0:04:23]} 1/2-1/2

[Event "44th BAN-ch OMICON 2018"]
[Site "Dhaka"]
[Date "2018.11.26"]
[Round "3"]
[White "Rahman, Taibur"]
[Black "Islam, Kh. Aminul"]
[Result "0-1"]
[WhiteElo "2239"]
[BlackElo "2253"]
[Annotator "TA"]
[PlyCount "74"]
[EventDate "2018.11.24"]
[EventType "swiss"]
[EventCountry "BAN"]
[SourceTitle "playchess.com"]
[Source "ChessBase"]
[SourceQuality "1"]

{[%evp 17,74,-4,-11,-12,-19,-52,-49,-57,-58,-58,-8,-29,0,-12,43,22,95,42,180,93,106,54,68,54,62,65,62,43,50,45,80,57,97,14,17,0,0,0,-10,-47,-29,-49,-55,-104,-100,-265,-257,-258,-266,-481,-474,-468,-387,-546,-537,-529,-520,-639,-656]} 1. d4 g6 2. c4 Bg7 3. Nc3 c5 4. e3 Nf6 5. Nf3 O-O 6. Be2 cxd4 7. exd4 d5 8. O-O dxc4 9. Bxc4 Bg4 {LiveBook: 70 Games} 10. Be2 {D94: Grünfeld: 4 Nf3 Bg7 5 e3} (10. Re1 Nc6 11. d5 Na5 12. Bf1 Rc8 13. h3 Bxf3 14. Qxf3 Nc4 15. Rb1 Re8 16. Bf4 a6 17. Bxc4 Rxc4 18. Rbd1 {½-½ (60) Carlstedt,J (2442)-Khairullin,I (2652) Skopje 2015}) 10... Nc6 11. d5 Nb4 $1 {[%cal Rb4d5]} 12. h3 $146 {Black is slightly better.} ({Predecessor:} 12. Qb3 Nbxd5 13. Rd1 e6 14. Qxb7 Qc8 15. Qxc8 Rfxc8 16. h3 Bf5 {1-0 (51) Kottnauer,C-Naranja,R Tel Aviv 1964}) 12... Bf5 {[%cal Rf6d5]} 13. Qb3 Qa5 ({Don't play} 13... Nfxd5 $6 14. Nxd5 Nxd5 15. Rd1 $14) 14. Nd4 Bc8 {[%cal Rb4d5]} 15. Bf3 Rd8 (15... Nfxd5 $11 16. Nxd5 Nxd5) 16. Bd2 $36 {[%mdl 2048] [#] Strongly threatening Ncb5. White is pushing.} Na6 (16... Nd3 $11 {keeps the balance.}) 17. Rfe1 (17. Rad1 $16) 17... Kf8 ({Better is} 17... Nd7 $14) 18. Rad1 (18. Ndb5 $18) 18... Qb4 $16 19. Bg5 (19. Ndb5 $16) 19... Qxb3 $14 20. Nxb3 h6 21. Bf4 Ne8 $1 22. Re2 g5 23. Bg3 Nac7 24. Rde1 e6 {[%cal Be7e6,Be6e5,Be5e4,Be4f3][%mdl 32]} 25. d6 ({White should try} 25. Nc5 $16) 25... Nxd6 $11 26. Rd1 Ke7 27. Red2 e5 28. Ne4 {[%cal Re4d6]} Nce8 29. Na5 f5 30. Nxd6 Rxd6 31. Nxb7 $2 {[#]} (31. Bh2 $17 {was called for.}) 31... Rxd2 $19 32. Rxd2 e4 33. Na5 $2 (33. Bxe4 fxe4 34. Nc5) 33... exf3 34. Nc6+ Kf8 35. Bd6+ (35. Be5 $142) 35... Nxd6 {Black is clearly winning.} 36. Rxd6 Bb7 37. Na5 Be4 {Accuracy: White = 12%, Black = 59%.} 0-1

[Event "44th BAN-ch OMICON 2018"]
[Site "Dhaka"]
[Date "2018.11.26"]
[Round "3"]
[White "Rahman, Syed Mahfuzur"]
[Black "Subrota, Biswas"]
[Result "0-1"]
[WhiteElo "2224"]
[BlackElo "2126"]
[Annotator "NA"]
[PlyCount "125"]
[EventDate "2018.11.24"]
[EventType "swiss"]
[EventCountry "BAN"]
[SourceTitle "playchess.com"]
[Source "ChessBase"]
[SourceQuality "1"]
[TimeControl "40/5400+30:1800+30"]

{[%evp 20,116,-32,32767,32767,32767,-81,32767,32767,32767,32767,32767,32767,32767,32767,32767,-29,-67,-69,-104,-120,-136,-48,-103,-30,-128,-146,-227,32767,-13,-12,-27,0,0,0,0,5,8,8,0,25,16,19,8,9,0,24,0,20,0,0,32767,32767,32767,32767,32767,32767,32767,32767,32767,32767,32767,32767,32767,32767,32767,32767,-18,-14,32767,32767,-41,-28,-45,-25,-194,-233,-244,-283,-245,-436,-409,-512,-706,-656,-502,-616,-637,-690,-639,-629,-358,-368,-533,-741,-710,-889,-29965,-29976]} 1. d4 {[%emt 0:03:51]} Nf6 {[%emt 0:00:00]} 2. Bg5 {[%emt 0:00:11]} d5 {[%emt 0:00:00]} 3. c4 {[%emt 0:00:46]} dxc4 {[%emt 0:00:00]} 4. Nc3 {[%emt 0:00:18]} c6 {[%emt 0:00:48]} 5. a4 {[%emt 0:00:54]} Qa5 {[%emt 0:07:03]} 6. Bd2 {[%emt 0:24:11] D10: Slav Defence: 3 cxd5 (without early Nf3) and 3 Nc3} Qb6 {[%emt 0:02:26]} (6... e5 7. Ne4 Bb4 8. Nd6+ Ke7 9. dxe5 Bxd2+ 10. Qxd2 Qxd2+ 11. Kxd2 Ng4 12. Nf3 Nd7 13. e3 Rd8 14. Ke1 Ndxe5 {½-½ (14) Vladimirov,Y (2586)-Sasikiran,K (2514) Kolkata 2000}) 7. Nf3 {[%emt 0:01:35]} Bf5 {[%emt 0:00:30]} 8. Nh4 {[%emt 0:14:35]} Be4 $146 {[%emt 0:10:11]} ({Predecessor:} 8... Bg4 9. h3 Bh5 10. g4 Bg6 11. Nxg6 hxg6 12. g5 Nd5 13. e4 Nb4 {0-1 (35) Boriak,A (2010)-Polyakevich,S (2293) Koltsovo 2006}) 9. f3 {[%emt 0:02:33]} Bg6 {[%emt 0:02:17]} 10. e3 {[%emt 0:00:38]} Bd3 {[%emt 0:06:40]} 11. Bxd3 {[%emt 0:03:45]} cxd3 {[%emt 0:00:02]} 12. Qb1 {[%emt 0:03:01]} Na6 {[%emt 0:09:13]} 13. a5 {[%emt 0:09:15]} Qb3 {[%emt 0:01:51]} 14. O-O {[%emt 0:02:02]} Nb4 {[%emt 0:01:43]} 15. Ra3 {[%emt 0:01:55]} Qc2 {[%emt 0:00:20]} 16. Ne4 {[%emt 0:03:01]} e6 {[%emt 0:04:25]} 17. Qxc2 {[%emt 0:00:35]} dxc2 {[%emt 0:00:51]} 18. Rb3 {[%emt 0:00:29]} Nfd5 {[%emt 0:01:39]} 19. g3 {[%emt 0:04:41]} b6 {[%emt 0:01:22]} 20. Ra1 {[%emt 0:01:09]} Rc8 {[%emt 0:01:42]} (20... Rd8 $17 21. axb6 axb6) 21. axb6 {[%emt 0:09:01]} axb6 {[%emt 0:00:02]} 22. Nf2 {[%emt 0:01:59] [#]} c5 $1 {[%emt 0:03:46]} 23. e4 {[%emt 0:00:37]} (23. Rc1 $17) 23... Nf6 {[%emt 0:02:29]} 24. Bxb4 {[%emt 0:03:06]} cxb4 {[%emt 0:00:02]} 25. Rc1 $1 {[%emt 0:00:56]} Rc4 {[%emt 0:00:58]} 26. Rd3 {[%emt 0:00:52]} Nd7 {[%emt 0:01:14]} 27. f4 {[%emt 0:02:51]} Be7 {[%emt 0:04:11]} 28. Ng2 {[%emt 0:00:51]} O-O {[%emt 0:03:30]} 29. Ne3 {[%emt 0:00:06] Double Attack} Rc7 {[%emt 0:00:23]} 30. Rxc2 {[%emt 0:00:05]} Rxc2 {[%emt 0:00:06]} 31. Nxc2 {[%emt 0:00:01]} Rc8 {[%emt 0:00:42]} 32. Na1 {[%emt 0:02:42]} b5 {[%emt 0:00:53]} 33. Kf1 {[%emt 0:01:17]} f5 {[%emt 0:00:13]} 34. Ke2 {[%emt 0:00:58]} Nb6 {[%emt 0:01:12]} 35. Rd1 {[%emt 0:01:50]} Ra8 {[%emt 0:01:00]} 36. exf5 {[%emt 0:00:43]} exf5 {[%emt 0:00:03]} 37. Nd3 {[%emt 0:00:09]} Ra2 {[%emt 0:00:48]} 38. Nb3 {[%emt 0:00:36]} Nc4 {[%emt 0:01:15]} 39. Ra1 {[%emt 0:00:48]} Rxa1 {[%emt 0:00:36]} 40. Nxa1 {[%emt 0:00:00]} Kf7 {[%emt 0:00:00]} 41. Nc2 {[%emt 0:01:07]} b3 {[%emt 0:04:48]} 42. Na1 {[%emt 0:07:39]} Nxb2 {[%emt 0:01:48]} 43. Nxb2 {[%emt 0:04:02]} Ba3 {[%emt 0:00:05]} 44. Nxb3 {[%emt 0:01:18]} Bxb2 {[%emt 0:00:03]} 45. Kd3 {[%emt 0:07:00]} Ke6 {[%emt 0:00:22]} 46. Kc2 $1 {[%emt 0:00:15]} Ba3 {[%emt 0:00:04]} 47. Kc3 $2 {[%emt 0:00:27]} (47. Kd3 $11 {and White has nothing to worry.}) 47... Kd5 {[%emt 0:00:48]} 48. Kd3 {[%emt 0:13:19] [#]} Bb2 $1 {[%emt 0:00:29]} 49. Ke3 {[%emt 0:00:00]} Bc3 {[%emt 0:00:51]} 50. Kd3 {[%emt 0:00:00]} b4 {[%emt 0:00:52]} 51. Ke3 {[%emt 0:00:00]} Kc4 {[%emt 0:00:10]} 52. Na5+ {[%emt 0:00:00] [#]} Kb5 $1 {[%emt 0:00:29]} 53. Nb7 {[%emt 0:00:31]} b3 {[%emt 0:01:17]} 54. Kd3 {[%emt 0:00:10]} b2 {[%emt 0:00:17]} 55. Kc2 {[%emt 0:00:01]} Kc6 {[%emt 0:00:17]} 56. Nc5 {[%emt 0:01:30]} Bxd4 {[%emt 0:00:08]} 57. Nd3 {[%emt 0:00:25]} Kd5 {[%emt 0:00:08]} 58. Nxb2 {[%emt 0:00:17]} Bxb2 {[%emt 0:00:24]} 59. Kxb2 {[%emt 0:00:01]} Ke4 {[%emt 0:00:01]} 60. Kc3 {[%emt 0:00:19]} Kf3 {[%emt 0:00:17]} 61. Kd4 {[%emt 0:00:14]} Kg2 {[%emt 0:00:03]} 62. Ke5 {[%emt 0:00:06]} g6 {[%emt 1:00:53]} 63. Kd4 {[%emt 0:03:56]} 0-1

[Event "44th BAN-ch OMICON 2018"]
[Site "Dhaka"]
[Date "2018.11.26"]
[Round "3"]
[White "Mehdi Hasan Parag"]
[Black "Abu Sufian, Shakil"]
[Result "1/2-1/2"]
[WhiteElo "2218"]
[BlackElo "2230"]
[Annotator "NA"]
[PlyCount "38"]
[EventDate "2018.11.24"]
[EventType "swiss"]
[EventCountry "BAN"]
[SourceTitle "playchess.com"]
[Source "ChessBase"]
[SourceQuality "1"]
[TimeControl "40/5400+30:1800+30"]

1. e4 {[%emt 0:00:00]} c6 {[%emt 0:00:00]} 2. d4 {[%emt 0:00:02]} d5 {[%emt 0:00:00]} 3. e5 {[%emt 0:00:07]} Bf5 {[%emt 0:00:00]} 4. Nf3 {[%emt 0:00:16]} e6 {[%emt 0:00:00]} 5. Be2 {[%emt 0:00:18]} c5 {[%emt 0:00:00]} 6. Be3 {[%emt 0:00:18]} cxd4 {[%emt 0:00:01]} 7. Nxd4 {[%emt 0:00:18]} Ne7 {[%emt 0:00:06]} 8. O-O {[%emt 0:02:24]} Nbc6 {[%emt 0:00:19]} 9. Bb5 {[%emt 0:00:03]} a6 {[%emt 0:00:44]} 10. Bxc6+ {[%emt 0:00:02]} bxc6 {[%emt 0:00:06]} 11. c4 {[%emt 0:00:51]} Qd7 {[%emt 0:03:36]} 12. Nc3 {[%emt 0:00:44]} dxc4 {[%emt 0:01:07]} 13. Na4 {[%emt 0:10:52]} Nd5 {[%emt 0:03:07]} 14. Nxf5 {[%emt 0:02:22]} exf5 {[%emt 0:00:06]} 15. Qe2 {[%emt 0:18:44]} Be7 {[%emt 0:16:49]} 16. Qxc4 {[%emt 0:10:38]} O-O {[%emt 0:02:50]} 17. Bc5 {[%emt 0:01:32]} f4 $14 {[%emt 0:21:58]} 18. Qe4 {[%emt 0:11:52]} Rab8 {[%emt 0:01:12]} 19. Rac1 {[%emt 0:01:06]} Rfe8 {[%emt 0:05:22]} 1/2-1/2